Normal view
MARC view
Entry Topical Term
001 - CONTROL NUMBER
- control field: 36359
003 - CONTROL NUMBER IDENTIFIER
- control field: OSt
005 - DATE AND TIME OF LATEST TRANSACTION
- control field: 20150227122234.0
008 - FIXED-LENGTH DATA ELEMENTS
- fixed length control field: 150227|| aca||aabn | a|a d
040 ## - CATALOGING SOURCE
- Original cataloging agency: OSt
- Transcribing agency: OSt
600 ## -
- : Interpersonal relations.
670 ## - SOURCE DATA FOUND
- Source citation: Work cat.: (OSt)0: Montagu, Ashley, 1905-1999. 36357, Education and human relations,, [1958]
